00329nam a2200133Ia 4500008004100000041000800041082001500049100002000064245002300084250001400107260003900121300002400160365001100184240624s9999 xx 000 0 und d aeng a658.83 MAL aMALHOTRA NARESH aMARKETING RESEARCH a(6th ed.) c2010aNew DelhibPearson Education a948 : p. : cm. ; 24 cRSb30